Library Banner

An illustrated history of science (Record no. 24693)

MARC details
000 -LEADER
fixed length control field 00444nam a2200169Ia 4500
001 - CONTROL NUMBER
control field 24497
008 - FIXED-LENGTH DATA ELEMENTS--GENERAL INFORMATION
fixed length control field 140410s9999 xx 000 0 und d
040 ## - CATALOGING SOURCE
Transcribing agency PK-LaUMT
082 ## - DEWEY DECIMAL CLASSIFICATION NUMBER
Classification number 509
Item number TAY-I
100 ## - MAIN ENTRY--PERSONAL NAME
Personal name A. R. Thomson
245 #3 - TITLE STATEMENT
Title An illustrated history of science
Statement of responsibility, etc A. R. Thomson<>F. Sherwood Taylor
260 ## - PUBLICATION, DISTRIBUTION, ETC. (IMPRINT)
Place of publication, distribution, etc Melbournce:
Name of publisher, distributor, etc William Heinemann,
Date of publication, distribution, etc 1957
300 ## - PHYSICAL DESCRIPTION
Extent 178 p.
546 ## - LANGUAGE NOTE
Language note EN
700 ## - ADDED ENTRY--PERSONAL NAME
Personal name F. Sherwood Taylor
942 ## - ADDED ENTRY ELEMENTS (KOHA)
Koha item type Books
Holdings
Withdrawn status Lost status Damaged status Not for loan Home library Current library Date acquired Total Checkouts Full call number Barcode Date last seen Price effective from Koha item type
        UMT Main Campus UMT Main Campus 2014-04-10   509 TAY-I 27553 2014-04-24 2014-04-24 Books